[Event "TCh-RUS Blitz 2015"]
[Site "Sochi RUS"]
[Date "2015.05.10"]
[Round "2.9"]
[White "Korobov, Anton"]
[Black "Yudin, Sergei"]
[Result "1-0"]
[WhiteTitle "GM"]
[BlackTitle "GM"]
[WhiteElo "2708"]
[BlackElo "2524"]
[WhiteTeam "Sibir (Novosibirsk)"]
[BlackTeam "Polytechnic (Nizhny Tagil)"]
[WhiteFideId "14105730"]
[BlackFideId "4159659"]
[EventDate "2015.05.10"]

1. d4 d5 2. Bg5 c6 3. e3 Qb6 4. Qc1 h6 5. Bh4 e5 6. Nf3 Nd7 7. c4 e4 8. Nfd2 Ne7
9. cxd5 Nf5 10. dxc6 Nxh4 11. cxd7+ Bxd7 12. Nc3 Rc8 13. Qc2 f5 14. g3 Ng6 15.
Be2 Be6 16. Qa4+ Kd8 17. Rb1 a6 18. O-O h5 19. h4 Bd6 20. Nc4 Bxc4 21. Bxc4 Qc7
22. Be6 Bxg3 23. Bxc8 Kxc8 24. Rbc1 Kb8 25. Nd5 Qd6 26. Qb3 Rd8 27. Rc7 Qxd5 28.
Qxd5 Rxd5 29. Rxg7 Bxf2+ 30. Kxf2 Nxh4 31. Rh1 Nf3 32. Rxh5 Ra5 33. a3 Rb5 34.
b4 a5 35. Rf7 axb4 36. Rfxf5 Rb6 37. axb4 Rxb4 38. Rb5 Rc4 39. Rh7 Rc2+ 40. Kg3 1-0

[Event "TCh-RUS Blitz 2015"]
[Site "Sochi RUS"]
[Date "2015.05.10"]
[Round "2.10"]
[White "Goganov, Aleksey"]
[Black "Bocharov, Dmitry"]
[Result "1/2-1/2"]
[WhiteTitle "GM"]
[BlackTitle "GM"]
[WhiteElo "2609"]
[BlackElo "2577"]
[WhiteTeam "Polytechnic (Nizhny Tagil)"]
[BlackTeam "Sibir (Novosibirsk)"]
[WhiteFideId "24109959"]
[BlackFideId "4138716"]
[EventDate "2015.05.10"]

1. Nf3 g6 2. c4 Bg7 3. e4 e5 4. d4 exd4 5. Nxd4 Nf6 6. Nc3 O-O 7. Be2 Re8 8. f3
c6 9. O-O d5 10. exd5 cxd5 11. Kh1 dxc4 12. Bxc4 Nbd7 13. Ndb5 Ne5 14. Bb3 Nd3
15. Nd5 Nxd5 16. Qxd3 Be6 17. Bd2 a6 18. Nc3 Nxc3 19. Qxd8 Raxd8 20. Bxc3 Bxc3
21. bxc3 Rd3 22. Rac1 Bxb3 23. axb3 Ree3 24. c4 Rxb3 25. Kg1 Re2 26. Rf2 Rxf2
27. Kxf2 Rb2+ 28. Kg3 h5 29. h4 Kg7 30. c5 a5 31. c6 bxc6 32. Rxc6 a4 33. Ra6
Rb4 34. Kh3 Rd4 35. Kg3 Kf8 36. Ra7 Rb4 37. Kh3 Kg7 38. Ra6 f6 39. Ra7+ Kf8 40.
g4 hxg4+ 41. fxg4 Rb3+ 42. Kg2 a3 43. h5 gxh5 44. gxh5 Kg8 45. Kf2 Rb2+ 46. Kf3
Ra2 47. h6 Ra1 48. Rg7+ Kh8 49. Rg2 Kh7 50. Kg4 Kxh6 51. Kf5 a2 52. Rf2 Kg7 53.
Rg2+ Kf7 54. Rf2 Ke7 55. Re2+ Kd6 56. Rf2 Ke7 57. Re2+ Kf7 58. Rf2 Kg7 59. Rg2+
Kf7 60. Rf2 Ke8 61. Kxf6 Kd7 62. Kf5 Kd6 63. Kf4 Kd5 64. Kf5 Kd4 65. Kf4 Kd3 66.
Kf3 Kc3 67. Kf4 Kb3 68. Rf3+ Ka4 69. Rf2 Kb5 70. Kf5 Kb4 71. Kf4 Kc3 72. Rf3+
Kd2 73. Rf2+ Ke1 74. Rh2 Kf1 75. Kg4 Kg1 76. Rb2 Kf1 77. Kg3 Ke1 78. Rh2 Rb1 1/2-1/2

[Event "TCh-RUS Blitz 2015"]
[Site "Sochi RUS"]
[Date "2015.05.10"]
[Round "2.11"]
[White "Kokarev, Dmitry"]
[Black "Pogromsky, Mikhail"]
[Result "1-0"]
[WhiteTitle "GM"]
[BlackTitle "IM"]
[WhiteElo "2635"]
[BlackElo "2428"]
[WhiteTeam "Sibir (Novosibirsk)"]
[BlackTeam "Polytechnic (Nizhny Tagil)"]
[WhiteFideId "4132181"]
[BlackFideId "4184688"]
[EventDate "2015.05.10"]

1. g3 Nf6 2. Bg2 g6 3. d4 Bg7 4. e4 d6 5. Nc3 O-O 6. h3 e5 7. Nge2 Nc6 8. Be3
exd4 9. Nxd4 Ne5 10. b3 c5 11. Nde2 Nc6 12. Qd2 Re8 13. Rd1 Qa5 14. a4 c4 15.
Nb5 Qxd2+ 16. Bxd2 Rxe4 17. Bxe4 Nxe4 18. bxc4 Ne5 19. Bf4 Nxc4 20. Nxd6 Nexd6
21. Bxd6 Nb2 22. Rb1 Nxa4 23. Rb4 Nc3 24. Rb3 Ne4 25. Ba3 b6 26. f3 Nc5 27. Bxc5
bxc5 28. Kf2 Be6 29. Ra3 h5 30. Nf4 Bf5 31. c3 a5 32. Rd1 a4 33. Rd2 c4 34. g4
hxg4 35. hxg4 Bf8 36. Ra1 Bc8 37. Rd8 a3 38. Nd5 Bb7 39. Rxa8 Bxa8 40. Ne3 Bc5
41. Ke2 Bc6 42. Nxc4 Bb5 43. Kd3 Kf8 44. Rb1 Ba6 45. Rb8+ Ke7 46. Ra8 Bb7 47.
Ra5 Bg1 48. f4 Bf3 49. g5 Bh2 50. Ke3 Bd1 51. Rxa3 Bg1+ 52. Kd2 Bg4 53. Ne3 Be6
54. Ke2 Bh2 55. Kf3 Bd7 56. Ra7 Kd6 57. Nc4+ Ke6 58. Ra6+ Ke7 59. Ne5 Bc8 60.
Ra7+ Ke6 61. Rxf7 Ba6 62. Rf6+ Kd5 63. c4+ Kd4 64. Rxa6 1-0

[Event "TCh-RUS Blitz 2015"]
[Site "Sochi RUS"]
[Date "2015.05.10"]
[Round "2.12"]
[White "Vokarev, Sergey"]
[Black "Maletin, Pavel"]
[Result "0-1"]
[WhiteTitle "GM"]
[BlackTitle "GM"]
[WhiteElo "2456"]
[BlackElo "2587"]
[WhiteTeam "Polytechnic (Nizhny Tagil)"]
[BlackTeam "Sibir (Novosibirsk)"]
[WhiteFideId "4119711"]
[BlackFideId "4146786"]
[EventDate "2015.05.10"]

1. e4 g6 2. d4 Bg7 3. Nc3 d6 4. g3 Nf6 5. Bg2 O-O 6. Nge2 Na6 7. O-O c5 8. h3
cxd4 9. Nxd4 Nc5 10. Bg5 h6 11. Be3 a6 12. a4 Bd7 13. Qd2 e5 14. Nb3 Nxb3 15.
cxb3 Be6 16. Bxh6 Bxb3 17. Be3 Rc8 18. Ra3 Be6 19. f4 Nh5 20. Kh2 exf4 21. gxf4
b5 22. axb5 axb5 23. Ra6 b4 24. Ne2 Bc4 25. Rxd6 Qh4 26. Bf2 Qe7 27. e5 Bxe2 28.
Qxe2 Nxf4 29. Qd2 Bxe5 30. Rd7 Nd3+ 0-1

[Event "TCh-RUS Blitz 2015"]
[Site "Sochi RUS"]
[Date "2015.05.10"]
[Round "2.13"]
[White "Bocharov, Ivan"]
[Black "Malakhov, Vladimir"]
[Result "0-1"]
[WhiteTitle "FM"]
[BlackTitle "GM"]
[WhiteElo "2489"]
[BlackElo "2702"]
[WhiteTeam "56 parallel (Krasnoyarsk)"]
[BlackTeam "Malachite (Sverdlovsk region)"]
[WhiteFideId "4180887"]
[BlackFideId "4120787"]
[EventDate "2015.05.10"]

1. f4 d5 2. Nf3 g6 3. g3 Bg7 4. Bg2 c5 5. O-O Nc6 6. d3 Nf6 7. Qe1 d4 8. a4 O-O
9. Na3 Nd5 10. Nc4 b6 11. Bd2 Ba6 12. Nfe5 Nxe5 13. Nxe5 Rc8 14. c3 e6 15. a5
dxc3 16. bxc3 b5 17. e4 Ne7 18. Qe3 Nc6 19. Nxc6 Rxc6 20. e5 Rc7 21. Rfd1 Rd7
22. Be4 Qc7 23. Qf2 Rfd8 24. Be3 Bf8 25. h4 Bb7 26. Bxb7 Qxb7 27. a6 Qc6 28. d4
b4 29. Rdc1 b3 30. dxc5 Bxc5 31. Bd4 Bxd4 32. cxd4 Qb6 33. Rd1 Rxd4 34. Rxd4
Qxd4 35. Qxd4 Rxd4 36. Rb1 Rb4 37. Kf2 b2 38. Ke3 Rb3+ 39. Kd4 Rxg3 40. Rxb2 Ra3
41. Kc5 Rxa6 42. Rb8+ Kg7 43. Ra8 Ra4 44. Kd6 Rxf4 45. Rxa7 Rxh4 46. Ke7 Rf4 0-1

[Event "TCh-RUS Blitz 2015"]
[Site "Sochi RUS"]
[Date "2015.05.10"]
[Round "2.14"]
[White "Riazantsev, Alexander"]
[Black "Kiriakov, Petr"]
[Result "1-0"]
[WhiteTitle "GM"]
[BlackTitle "GM"]
[WhiteElo "2671"]
[BlackElo "2535"]
[WhiteTeam "Malachite (Sverdlovsk region)"]
[BlackTeam "56 parallel (Krasnoyarsk)"]
[WhiteFideId "4125029"]
[BlackFideId "4119231"]
[EventDate "2015.05.10"]

1. d4 e6 2. c4 Nf6 3. Nf3 d5 4. Nc3 Nbd7 5. cxd5 exd5 6. Bf4 c6 7. e3 Nh5 8. Be5
Nxe5 9. Nxe5 Nf6 10. Bd3 Bd6 11. f4 O-O 12. O-O Re8 13. Qf3 Qe7 14. a3 Nd7 15.
Rae1 Nf8 16. Bb1 f6 17. Ng4 Qf7 18. Qg3 Kh8 19. Qh4 Bxg4 20. Qxg4 Re7 21. Rf3
Rae8 22. Rh3 Kg8 23. e4 f5 24. Qd1 fxe4 25. Rf1 Ne6 26. f5 Ng5 27. Rh4 Qf6 28.
Kh1 Nf3 29. Rh3 Nxd4 30. Ba2 e3 31. Ne2 Nxe2 32. Qxe2 Kh8 33. Bb1 h6 34. Rhf3 d4
35. Bd3 c5 36. a4 a6 37. b3 Rf8 38. Rg1 Qe5 39. g4 Rf6 40. Rg2 b5 41. axb5 axb5
42. Bxb5 Rf8 43. Rf1 Qf6 44. Bd3 Qh4 45. Qf3 Rfe8 46. Re2 Qf6 47. Rg1 Qe5 48. g5
Qf4 49. Qh3 Re5 50. gxh6 Qxh6 51. Qg4 R5e7 52. Rf1 Rf8 53. Rf3 Qf6 54. Rh3+ Kg8
55. Bc4+ Rff7 56. Qh5 Qh6 57. Qg4 Qf6 58. Qf3 Qe5 59. Qh5 Qe4+ 60. Rg2 Qb1+ 61.
Rg1 Qe4+ 62. Rg2 Qb1+ 63. Rg1 Qe4+ 64. Rf3 e2 65. Rxg7+ Kxg7 66. Qg6+ Kf8 67.
Qh6+ Ke8 68. Bb5+ Kd8 69. Qxd6+ Rd7 70. Qb6+ Ke7 71. f6+ Ke8 72. Qb8# 1-0

[Event "TCh-RUS Blitz 2015"]
[Site "Sochi RUS"]
[Date "2015.05.10"]
[Round "2.15"]
[White "Zablotsky, Sergei"]
[Black "Khismatullin, Denis"]
[Result "1-0"]
[WhiteTitle "GM"]
[BlackTitle "GM"]
[WhiteElo "2525"]
[BlackElo "2666"]
[WhiteTeam "56 parallel (Krasnoyarsk)"]
[BlackTeam "Malachite (Sverdlovsk region)"]
[WhiteFideId "4131606"]
[BlackFideId "4142578"]
[EventDate "2015.05.10"]

1. Nf3 d5 2. g3 c6 3. Bg2 Bg4 4. Ne5 Be6 5. d4 Nd7 6. Nd3 Ngf6 7. O-O Bf5 8. b3
e6 9. c4 Be7 10. Ba3 Bxa3 11. Nxa3 O-O 12. b4 a6 13. Qb3 Qe7 14. Nc5 b6 15. Nxd7
Qxd7 16. e3 Ne4 17. Rfc1 Rfc8 18. Qb2 Rab8 19. Bf1 Ng5 20. Bg2 Be4 21. Qe2 Bxg2
22. Kxg2 b5 23. c5 a5 24. Nc2 Ra8 25. a3 Ne4 26. f3 Nf6 27. Ne1 Qe7 28. Nd3 Nd7
29. e4 dxe4 30. fxe4 Ra7 31. Qe3 Rca8 32. Rab1 axb4 33. axb4 Ra3 34. Qe2 Qf6 35.
e5 Qf5 36. Nf2 Nf8 37. Rb2 Ng6 38. Ne4 Ne7 39. Rf1 Qg6 40. Nd6 Nd5 41. Rxf7 Ne3+
42. Kf2 Ng4+ 43. Kg2 Ne3+ 44. Kf2 Ng4+ 45. Kg2 Ne3+ 1-0

[Event "TCh-RUS Blitz 2015"]
[Site "Sochi RUS"]
[Date "2015.05.10"]
[Round "2.16"]
[White "Rashkovsky, Nukhim N"]
[Black "Mikhel, Vladislav"]
[Result "0-1"]
[WhiteTitle "GM"]
[BlackTitle "FM"]
[WhiteElo "2515"]
[BlackElo "2347"]
[WhiteTeam "Malachite (Sverdlovsk region)"]
[BlackTeam "56 parallel (Krasnoyarsk)"]
[WhiteFideId "4100603"]
[BlackFideId "4140435"]
[EventDate "2015.05.10"]

1. d4 d5 2. Nf3 Nf6 3. c4 e6 4. g3 c6 5. Qc2 Bd6 6. Bg2 O-O 7. Nc3 b6 8. O-O Bb7
9. Rd1 Nbd7 10. e4 dxe4 11. Nxe4 Nxe4 12. Qxe4 Qc7 13. h4 c5 14. Qc2 cxd4 15.
Nxd4 Bxg2 16. Kxg2 Ne5 17. b3 Bc5 18. f3 Rad8 19. Bb2 Qb7 20. Qe2 Ng4 21. Kh3
Nf6 22. Nb5 a6 23. Bxf6 gxf6 24. Nc3 f5 25. Rd3 Rxd3 26. Qxd3 Qc7 27. Rd1 Qe5
28. Ne2 Be7 29. Nf4 Rd8 30. Qe2 Qxe2 31. Rxd8+ Bxd8 32. Nxe2 Bf6 33. f4 Kf8 34.
Kg2 Ke7 35. Kf3 Kd6 36. Ke3 Kc5 37. a3 Bb2 38. Kd3 Bxa3 39. Nd4 Bb2 40. Nf3 Bf6
41. h5 h6 42. Nh2 Kb4 43. Kc2 Bd4 44. g4 Be3 45. gxf5 Bxf4 46. Nf3 e5 47. f6 e4
48. Nh4 Kc5 49. Nf5 a5 50. Kc3 Be5+ 51. Kc2 Bf4 52. Kc3 Bg5 53. Kc2 e3 54. Kd3
Kb4 55. Nd6 Bxf6 56. Nxf7 Kxb3 57. Nxh6 a4 58. Ng4 Bg5 59. h6 Bxh6 60. Nxh6 a3
61. Nf5 a2 62. Nd4+ Kb2 63. Nc2 e2 0-1

[Event "TCh-RUS Blitz 2015"]
[Site "Sochi RUS"]
[Date "2015.05.10"]
[Round "2.18"]
[White "Belyakov, Bogdan"]
[Black "Artemiev, Vladislav"]
[Result "0-1"]
[WhiteTitle "IM"]
[BlackTitle "GM"]
[WhiteElo "2478"]
[BlackElo "2671"]
[WhiteTeam "Yamal (YaNAO)"]
[BlackTeam "Rook (Kazan)"]
[WhiteFideId "24104795"]
[BlackFideId "24101605"]
[EventDate "2015.05.10"]

1. e4 c5 2. c3 d6 3. d4 Nf6 4. Bd3 Nc6 5. Nf3 Bg4 6. d5 Bxf3 7. Qxf3 Ne5 8. Bb5+
Ned7 9. a4 g6 10. O-O Bg7 11. Nd2 O-O 12. Bxd7 Nxd7 13. Qe2 b6 14. Nc4 a6 15.
Bg5 h6 16. Bh4 Qe8 17. Rfe1 b5 18. axb5 axb5 19. Rxa8 Qxa8 20. Ne3 Qb8 21. Bxe7
Re8 22. Bh4 Rxe4 23. Bg3 c4 24. Ra1 Nc5 25. Qf3 h5 26. h3 Re8 27. Qf4 Ne4 28.
Qf3 Qb6 29. Nc2 Nxg3 30. Qxg3 Re2 31. Ne3 Rxb2 32. Qf4 Qd8 33. g3 Bxc3 34. Ra7
Qf6 35. Qh6 Qxf2+ 0-1

[Event "TCh-RUS Blitz 2015"]
[Site "Sochi RUS"]
[Date "2015.05.10"]
[Round "2.19"]
[White "Timofeev, Artyom"]
[Black "Goryachkina, Aleksandra"]
[Result "1-0"]
[WhiteTitle "GM"]
[BlackTitle "WGM"]
[WhiteElo "2534"]
[BlackElo "2474"]
[WhiteTeam "Rook (Kazan)"]
[BlackTeam "Yamal (YaNAO)"]
[WhiteFideId "4140419"]
[BlackFideId "4147103"]
[EventDate "2015.05.10"]

1. c4 c6 2. Nf3 d5 3. e3 Nf6 4. Nc3 e6 5. b3 Bd6 6. Bb2 O-O 7. Be2 Nbd7 8. Qc2
Qe7 9. O-O h6 10. d4 b6 11. e4 dxe4 12. Nxe4 Nxe4 13. Qxe4 Bb7 14. Ne5 Nf6 15.
Qe3 c5 16. Rad1 Rfd8 17. h3 Rac8 18. a4 cxd4 19. Bxd4 Bc5 20. Bxc5 Qxc5 21. Qxc5
bxc5 22. f3 Kf8 23. g4 Ke7 24. Kf2 Nd7 25. Nd3 e5 26. Ke3 f6 27. f4 exf4+ 28.
Rxf4 Ne5 29. Nxe5 fxe5 30. Rf5 Rxd1 31. Bxd1 Ke6 32. Rf2 Rd8 33. Bc2 Rd4 34. Bg6
Rd1 35. Rf7 Rd7 36. Rf8 Rd1 37. Bf5+ Ke7 38. Rg8 Kf6 39. Rb8 Bg2 40. h4 Re1+ 1-0

[Event "TCh-RUS Blitz 2015"]
[Site "Sochi RUS"]
[Date "2015.05.10"]
[Round "2.20"]
[White "Sergeyev, Alexander"]
[Black "Murtazin, Bulat"]
[Result "1-0"]
[WhiteTitle "FM"]
[BlackTitle "FM"]
[WhiteElo "2380"]
[BlackElo "2342"]
[WhiteTeam "Yamal (YaNAO)"]
[BlackTeam "Rook (Kazan)"]
[WhiteFideId "13702076"]
[BlackFideId "24151351"]
[EventDate "2015.05.10"]

1. e4 g6 2. Nc3 Bg7 3. h4 h5 4. Nh3 b6 5. Ng5 Bb7 6. Bc4 Nh6 7. d4 e6 8. Bf4 Nc6
9. d5 Ne5 10. Bb3 exd5 11. Bxd5 c6 12. Bb3 O-O 13. Qd6 Nhg4 14. f3 Qf6 15. Qxf6
Nxf3+ 16. gxf3 Nxf6 17. O-O-O d5 18. exd5 cxd5 19. Nxd5 Kh8 20. Rhe1 Nxd5 21.
Bxd5 Bxd5 22. Rxd5 f6 23. Ne6 Rfe8 24. Kd2 Rac8 25. Nxg7 Rxe1 26. Kxe1 Kxg7 27.
Rd7+ Kf8 28. Kd2 Rc4 29. Bh6+ Ke8 30. Rxa7 Rxh4 31. Bg7 Rf4 32. Ke3 g5 33. Rb7
h4 34. Rxb6 h3 35. Kf2 g4 36. Rxf6 h2 37. Kg2 gxf3+ 38. Kxh2 Rg4 39. Rxf3 Rxg7
40. Rd3 Re7 41. Kg3 Re2 42. Rc3 Kd7 43. Kf3 Re1 44. a4 Rb1 45. b3 Kd6 46. Ke3
Kd5 47. Rc8 Rh1 48. c4+ Kd6 49. Kd3 Rc1 50. a5 Kd7 51. Rc5 Kd6 52. Rb5 Kc6 53.
Kd2 Ra1 54. Kc3 Rh1 55. Kb4 Rh4 56. Rg5 Rh1 57. Rg6+ Kb7 58. Kb5 Ka7 59. Rg7+
Kb8 60. b4 Rh6 61. c5 Ka8 62. c6 Rf6 63. Kb6 Rf8 64. Ra7+ 1-0

[Event "TCh-RUS Blitz 2015"]
[Site "Sochi RUS"]
[Date "2015.05.10"]
[Round "2.21"]
[White "Reshetnikov, Alexey"]
[Black "Chigaev, Maksim"]
[Result "1/2-1/2"]
[WhiteTitle "IM"]
[BlackTitle "IM"]
[WhiteElo "2498"]
[BlackElo "2496"]
[WhiteTeam "Our heritage junior (Moscow)"]
[BlackTeam "SDYUSSHOR Hilti (St. Petersburg)"]
[WhiteFideId "4162080"]
[BlackFideId "4108116"]
[EventDate "2015.05.10"]

1. c4 d6 2. d4 g6 3. Nf3 Bg7 4. Nc3 c5 5. e3 Nc6 6. Be2 f5 7. O-O Nf6 8. d5 Na5
9. Qc2 O-O 10. b3 h6 11. Bb2 e5 12. dxe6 Bxe6 13. Rad1 Qe7 14. Ne1 Nc6 15. Bf3
Rad8 16. a3 Ne5 17. Be2 Bf7 18. Nd3 Nxd3 19. Rxd3 d5 20. cxd5 Nxd5 21. Nxd5 Rxd5
22. Bxg7 Kxg7 23. Rxd5 Bxd5 24. Rd1 Bc6 25. Qc3+ Kh7 26. Bc4 Rd8 27. Rd2 Rxd2
28. Qxd2 Kg7 29. a4 b6 30. f3 Qe5 31. Kf2 Qf6 32. g3 Qe7 33. Qc3+ Qf6 34. Qd2 1/2-1/2

[Event "TCh-RUS Blitz 2015"]
[Site "Sochi RUS"]
[Date "2015.05.10"]
[Round "2.22"]
[White "Levin, Evgeny A."]
[Black "Vavulin, Maksim"]
[Result "1-0"]
[WhiteTitle "GM"]
[BlackTitle "IM"]
[WhiteElo "2518"]
[BlackElo "2442"]
[WhiteTeam "SDYUSSHOR Hilti (St. Petersburg)"]
[BlackTeam "Our heritage junior (Moscow)"]
[WhiteFideId "4182596"]
[BlackFideId "4169530"]
[EventDate "2015.05.10"]

1. d4 g6 2. Nf3 Bg7 3. Bg5 h6 4. Bh4 d6 5. c3 g5 6. Bg3 f5 7. e3 Nf6 8. Nbd2 e6
9. h4 g4 10. Ng1 Nh5 11. Bc4 Nxg3 12. fxg3 d5 13. Bd3 h5 14. Ne2 c5 15. Nf4 Nc6
16. O-O Qb6 17. Rb1 Bd7 18. Bc2 O-O-O 19. Kh2 Kb8 20. Nb3 cxd4 21. exd4 Bc8 22.
Nc5 e5 23. Nfe6 Bxe6 24. Nxe6 Rd7 25. Nxg7 Rxg7 26. dxe5 d4 27. Rxf5 Rd8 28. Qe2
Qc5 29. e6 Qe7 30. Rxh5 Qd6 31. Rd1 Re7 32. Bf5 Qc7 33. Qxg4 Rg7 34. Qf4 Qxf4
35. gxf4 Re7 36. Rh7 Rxh7 37. Bxh7 Rh8 38. Be4 dxc3 39. bxc3 Rxh4+ 40. Kg3 Rh8
41. Bxc6 bxc6 42. f5 Rg8+ 43. Kf4 Rxg2 44. e7 1-0

[Event "TCh-RUS Blitz 2015"]
[Site "Sochi RUS"]
[Date "2015.05.10"]
[Round "2.23"]
[White "Savenkov, Konstantin"]
[Black "Usmanov, Vasily"]
[Result "0-1"]
[WhiteTitle "FM"]
[BlackTitle "IM"]
[WhiteElo "2320"]
[BlackElo "2462"]
[WhiteTeam "Our heritage junior (Moscow)"]
[BlackTeam "SDYUSSHOR Hilti (St. Petersburg)"]
[WhiteFideId "4138600"]
[BlackFideId "4135741"]
[EventDate "2015.05.10"]

1. e4 Nc6 2. Nf3 d6 3. d4 Nf6 4. c3 Bg4 5. Be2 e5 6. d5 Ne7 7. h3 Bd7 8. Bd3 g6
9. O-O Bg7 10. c4 O-O 11. Nc3 Nh5 12. Re1 h6 13. b4 a5 14. bxa5 Rxa5 15. a4 b6
16. Bd2 Ra8 17. Bf1 Qe8 18. Nb5 Bxb5 19. cxb5 f5 20. Rc1 Ra7 21. Qb3 Nf6 22.
exf5 gxf5 23. Bc4 Ne4 24. Bb4 Qg6 25. Bd3 Nc5 26. Bxc5 bxc5 27. Bc4 e4 28. Nd2
Qg5 29. Qc2 Ng6 30. Nf1 Be5 31. Ne3 h5 32. Bf1 Nf4 33. Kh1 Rf7 34. Nc4 Bd4 35.
a5 Rg7 36. b6 cxb6 37. axb6 Rab7 38. g3 h4 39. Qb3 hxg3 40. Qxg3 Qh6 41. Qh2 Rg6
42. Ne3 Rf6 43. Be2 Be5 44. Rg1+ Kh8 45. Bb5 Nxh3 0-1

[Event "TCh-RUS Blitz 2015"]
[Site "Sochi RUS"]
[Date "2015.05.10"]
[Round "2.24"]
[White "Palchun, Grigory"]
[Black "Shuvalova, Polina"]
[Result "0-1"]
[BlackTitle "WFM"]
[WhiteElo "2288"]
[BlackElo "2212"]
[WhiteTeam "SDYUSSHOR Hilti (St. Petersburg)"]
[BlackTeam "Our heritage junior (Moscow)"]
[WhiteFideId "24147338"]
[BlackFideId "24171760"]
[EventDate "2015.05.10"]

1. d4 Nf6 2. Nf3 g6 3. Bf4 Bg7 4. e3 O-O 5. Be2 d6 6. h3 c5 7. c3 b6 8. O-O Bb7
9. Nbd2 Nbd7 10. Bh2 Re8 11. Qc2 Rc8 12. Rfe1 cxd4 13. exd4 e5 14. dxe5 dxe5 15.
Rad1 Nd5 16. Ne4 Qe7 17. Bf1 Rcd8 18. Bc4 Nc5 19. Nxc5 Qxc5 20. Qb3 e4 21. Ng5
e3 22. fxe3 h6 23. Nf3 a6 24. Kh1 b5 25. Bxd5 Rxd5 26. Rxd5 Bxd5 27. Qd1 Bxa2
28. Qd7 Rxe3 29. Rxe3 Qxe3 30. Qc8+ Kh7 31. Qxa6 Bc4 32. Qa3 Be2 33. Ng1 Bf1 34.
Qd6 Qf2 35. Qg3 Qxb2 36. Qf3 Bc4 37. Bg3 Qxc3 38. Qf2 Bd4 39. Qf4 Qe3 40. Qxe3
Bxe3 41. Nf3 b4 42. Be5 Bd5 43. Nd4 b3 44. Nb5 Bc4 45. Na3 Be6 46. Nb1 g5 47.
Bb2 Kg6 48. Nc3 Bd4 49. Nd1 Bxb2 50. Nxb2 Kf5 51. Kg1 Ke4 52. Kf2 Kd4 53. Ke2
Kc3 54. Nd1+ Kc2 55. Ne3+ Kc1 56. Nd1 Bc4+ 57. Ke1 b2 58. Nxb2 Kxb2 59. Kd2 f5
60. g3 f4 61. gxf4 gxf4 62. Ke1 Bd5 63. Kf2 Kc3 0-1

[Event "TCh-RUS Blitz 2015"]
[Site "Sochi RUS"]
[Date "2015.05.10"]
[Round "2.25"]
[White "Tarasov, Alexandr"]
[Black "Demidov, Mikhail"]
[Result "0-1"]
[BlackTitle "IM"]
[WhiteElo "2261"]
[BlackElo "2513"]
[WhiteTeam "Youth of Moscow (Moscow)"]
[BlackTeam "Boavista (Moscow)"]
[WhiteFideId "24128600"]
[BlackFideId "4197143"]
[EventDate "2015.05.10"]

1. d4 d5 2. c4 c6 3. Nf3 Nf6 4. e3 Bf5 5. Nc3 e6 6. Bd3 Bxd3 7. Qxd3 Bb4 8. O-O
O-O 9. a3 Bxc3 10. Qxc3 Nbd7 11. b4 a5 12. Bb2 Nb6 13. c5 Nc4 14. Nd2 Nxd2 15.
Qxd2 b5 16. Bc3 Ne4 17. Qc2 Ra7 18. a4 axb4 19. Bxb4 bxa4 20. Rxa4 Qd7 21. Rfa1
Rfa8 22. f3 Nf6 23. Ba5 h6 24. Bb6 Rxa4 25. Rxa4 Qb7 26. Qa2 Rxa4 27. Qxa4 Nd7
28. Qa7 Qxa7 29. Bxa7 e5 30. dxe5 Nxe5 31. Bb8 Nd3 32. Bd6 f5 33. Kf1 Kf7 34.
Ke2 Nb2 35. Be5 Nc4 36. Bd4 g6 37. Kd3 Ke6 38. e4 fxe4+ 39. fxe4 Ne5+ 40. Ke3
Ng4+ 41. Kf4 Nxh2 42. Bg7 dxe4 43. Kxe4 h5 44. Kf4 Ng4 45. Kg5 Kf7 46. Bd4 Nh2
47. Kf4 Ke6 48. Kg5 Kf7 49. Kf4 Nf1 50. Bc3 Ke6 51. Kg5 Kf7 52. Kf4 h4 53. Bd4
Ng3 54. Kg4 Nf5 55. Bc3 Ne3+ 56. Kf3 Nd5 57. Kg4 Nxc3 0-1

[Event "TCh-RUS Blitz 2015"]
[Site "Sochi RUS"]
[Date "2015.05.10"]
[Round "2.26"]
[White "Vastrukhin, Oleg"]
[Black "Kovalev, Egor"]
[Result "1-0"]
[WhiteElo "2389"]
[BlackElo "2125"]
[WhiteTeam "Boavista (Moscow)"]
[BlackTeam "Youth of Moscow (Moscow)"]
[WhiteFideId "4192770"]
[BlackFideId "24124117"]
[EventDate "2015.05.10"]

1. Nf3 Nf6 2. g3 g6 3. Bg2 Bg7 4. O-O O-O 5. c4 d5 6. d3 Nc6 7. Nc3 dxc4 8. dxc4
e5 9. Be3 Be6 10. Qa4 a6 11. Ng5 Bd7 12. Qb3 Qc8 13. Rfd1 Rb8 14. Rac1 h6 15.
Nge4 Nxe4 16. Nxe4 b6 17. Bxh6 Nd4 18. Rxd4 exd4 19. Bf4 Bc6 20. Qd3 Bxe4 21.
Bxe4 Qd7 22. h4 Rbe8 23. Kg2 Qe6 24. Bf3 Be5 25. Bd2 c5 26. h5 Bc7 27. Rh1 Qf5
28. hxg6 fxg6 29. Bd5+ Kg7 30. Bh6+ Kf6 31. Qxf5+ Kxf5 32. Bxf8 Rxf8 33. Rh7 Bd8
34. f4 g5 35. Kf3 gxf4 36. gxf4 Re8 37. Rf7+ Kg6 38. Rd7 Re3+ 39. Kg4 Be7 40.
Bf3 Kf6 41. Rb7 Bd8 42. Rb8 Bc7 43. Rh8 d3 44. exd3 Rxd3 45. Rh6+ Kg7 46. Rc6
Bd8 47. Bd5 Rd2 48. b3 Rxa2 49. Rd6 Be7 50. Rxb6 a5 51. Kf5 a4 52. bxa4 Rxa4 53.
Rb7 Kf8 54. Ke5 Ra6 55. f5 Rh6 56. Be6 Rh1 57. Rb8+ Kg7 58. Rg8+ Kh7 59. Kd5
Rd1+ 60. Ke4 Re1+ 61. Kd5 Rd1+ 62. Kc6 Rd6+ 63. Kc7 Rd2 64. Re8 Bf6 65. Kc6 Kg7
66. Kxc5 Bd4+ 67. Kc6 Kf6 68. Rd8 Ke5 69. Rd5+ Ke4 70. f6 Rc2 71. f7 Bg7 72. Rg5
Bf8 73. Rg8 Ke5 74. Bd5 Be7 75. f8=Q Bxf8 76. Rxf8 Kd4 77. Rf4+ Ke5 78. Re4+ Kf5
79. c5 1-0

[Event "TCh-RUS Blitz 2015"]
[Site "Sochi RUS"]
[Date "2015.05.10"]
[Round "2.27"]
[White "Smirnov, Timofey"]
[Black "Pasiev, Rakhim"]
[Result "0-1"]
[BlackTitle "IM"]
[WhiteElo "2338"]
[BlackElo "2384"]
[WhiteTeam "Youth of Moscow (Moscow)"]
[BlackTeam "Boavista (Moscow)"]
[WhiteFideId "24176427"]
[BlackFideId "24122475"]
[EventDate "2015.05.10"]

1. e4 c5 2. Nf3 Nc6 3. d4 cxd4 4. Nxd4 g6 5. c4 Nf6 6. Nc3 d6 7. Be2 Nxd4 8.
Qxd4 Bg7 9. Be3 O-O 10. Qd2 a5 11. O-O a4 12. Bd4 Qa5 13. Rfd1 Be6 14. f3 Rfc8
15. Nd5 Qxd2 16. Rxd2 Bxd5 17. exd5 Nd7 18. Bxg7 Kxg7 19. Rdd1 Rc5 20. Rdb1 Ne5
21. b3 axb3 22. axb3 Rca5 23. Rxa5 Rxa5 24. f4 Nd7 25. b4 Ra2 26. Bf1 Nb6 27.
Rd1 Na4 28. Rc1 b6 29. Bd3 Rb2 30. Rb1 Rxb1+ 31. Bxb1 Nb2 32. Ba2 Nd3 33. b5
Nxf4 34. Kf2 Nd3+ 35. Ke3 Nc5 36. Kd4 Kf6 37. Bb1 Kg5 38. g3 Kg4 39. Be4 Nxe4
40. Kxe4 Kh3 0-1